=LDR 00000nam 2200000 4500 =001 INLIS000000000006583 =005 20251111110202 =035 ##$$a 0010-1125000457 =007 ta =008 251111###########################0#ind## =082 ##$$a 303.484 =084 ##$$a 303.484 HEL f =100 #$$a Helvi Sipila =245 1#$$a From an Unknown Activity To and World Movement /$c Badan Koordinasi Keluarga Berencana Nasional =260 ##$:$b Badan Koordinasi Keluarga Berencana Nasional,$c 1980 =300 ##$$a 7 Hal : $b Ilus ; $c 21 =650 #4$$a Keluarga Berencana =856 ##$$a Perpustakaan Kemendukbangga